000 00815nam a2200241 i 4500
001 19888
003 ES-MaACL
005 20250809101629.0
007 t|
008 021025s1988 sp ||||1| spa d
080 _a316.324.7
080 _a316.343.654"19"
100 1 _aCampo Urbano, Salustiano del.
_934221
245 1 3 _aLa sociedad de clases medias :
_bdiscurso correspondiente a la solemne apertura del curso académico 1988-1989 /
_cpor Salustiano del Campo Urbano.
260 _aMadrid :
_bUniversidad Complutense,
_c1988.
300 _a43 p. ;
_c21 cm.
504 _aBibliografĂ­a: p. 39-43.
650 0 0 _aSociedad postindustrial.
_917176
650 7 _aClase media
_2embne
_9147233
710 2 _aUniversidad Complutense de Madrid.
_97098
852 _aES-MaACL
_j2168-F-22
999 _c19888
_d19888